000 01017cam a22002054a 4500
005 20250605164043.0
008 250528s ||||||||||||||||||||||||d
035 _a17040
020 _a586080813
040 _aGR-AtMCL
_bgre
_dGR-AtMCL
_eAACR2
245 1 _aClass Inequality and Political Order / Social Stratification in Capitalist and Communist Societies
260 _c1985
300 _a208
520 _aThe book offers a lucid comparison of the situation in capitalist and socialist countries and raises some provocative questions about the compatibility of democracy and equality. Preface, The Dimensions of Class Inequality, Social Sources of Stability, Class Inequality and Meaning-Systems, Inequality and Political Ideology: Social Democracy in Capitalist Societies, The Problem of Classes in Socialist Society, Inequality in Command and Market Systems, Notes, Bibliography, Index.
700 1 _aPaladin
_92479
700 1 _aParkin Frank
_93169
942 _cBK
999 _c2480
_d2480